Imago triumphalis : the function and significance of triumphal imagery for Italian renaissance rulers
Αποθηκεύτηκε σε:
| Κύριος συγγραφέας: | |
|---|---|
| Μορφή: | Βιβλίο |
| Γλώσσα: | English |
| Δημοσίευση: |
New York :
Peter Lang,
c2004
|
| Σειρά: | Renaissance and Baroque studies and texts ;
; 31 |
| Θέματα: | |
| Ετικέτες: |
Προσθήκη ετικέτας
Δεν υπάρχουν, Καταχωρήστε ετικέτα πρώτοι!
|
MARC
| LEADER | 00000cam a2200000 i 4500 | ||
|---|---|---|---|
| 001 | 1/71018 | ||
| 008 | 050204s2004 eng d | ||
| 020 | |a 0-8204-6235-7 | ||
| 035 | |l 10076402 | ||
| 040 | |a GR-MY-UA |b gre |e aacr | ||
| 041 | 0 | |a eng | |
| 082 | 0 | |a 704.9435516 |2 (21) | |
| 100 | 1 | |a Zaho, Margaret Ann, |d 1966- | |
| 245 | 1 | 0 | |a Imago triumphalis : |b the function and significance of triumphal imagery for Italian renaissance rulers / |c Margaret Ann Zaho |
| 260 | |a New York : |b Peter Lang, |c c2004 | ||
| 300 | |a x, 143 σ.; |b εικ.; |c 23 εκ. | ||
| 490 | 1 | |a Renaissance and Baroque studies and texts |v ; 31 | |
| 504 | |a Περιέχει βιβλιογραφία και ευρετήριο | ||
| 650 | 0 | 0 | |a Art, Renaissance |z Italy. |
| 650 | 0 | 0 | |a Triumph in art. |
| 650 | 0 | 0 | |a Triumphal arches |z Italy. |
| 830 | 0 | |a Renaissance and Baroque studies and texts ; |v ; 31 | |
| 852 | |a INST |b LESVOS |e 20050204 |h 704.9435516 ZAH |p 005100030741 |q 005100030741 |t BK |y 0 | ||
| 901 | |a BIBL1-2005-1 | ||
| 909 | |a Λ |b 116696 | ||
| 922 | |a 1ΕΛΗ |b 200411 |c ΕΠΕΑΕΚ2/ΤΚΑ |d ΜΙΧΑΛΟΠΟΥΛΟΣ | ||
| 950 | |a 117-2004-10-11 | ||
| 970 | |a ΤΖΑΦΕΡΗ |b ΕΥΑΓΓΕΛΙΑ |z 2005/02/25 | ||